Effects of hard-pan disruption for growing maize after harvesting west-season rice; ឥទ្ធិពលនៃការបំបែកស្រទាប់បាតនង្គ័លទៅលើការដុះលូតលាស់ដំណាំពោតក្រោយប្រមូលផលស្រូវវស្សា (Record no. 9363)
[ view plain ]
| 000 -LEADER | |
|---|---|
| fixed length control field | 00719nam a22001577a 4500 |
| 003 - CONTROL NUMBER IDENTIFIER | |
| control field | OSt |
| 005 - DATE AND TIME OF LATEST TRANSACTION | |
| control field | 20160831150509.0 |
| 008 - FIXED-LENGTH DATA ELEMENTS--GENERAL INFORMATION | |
| fixed length control field | 160831b xxu||||| |||| 00| 0 eng d |
| 040 ## - CATALOGING SOURCE | |
| Transcribing agency | RUA |
| 082 ## - DEWEY DECIMAL CLASSIFICATION NUMBER | |
| Classification number | AGE PIV 2015 B515 Or. |
| 100 ## - MAIN ENTRY--PERSONAL NAME | |
| 9 (RLIN) | 9718 |
| Personal name | PIV CHHAY THAON; ពៀវ ឆៃធន់ |
| 245 ## - TITLE STATEMENT | |
| Title | Effects of hard-pan disruption for growing maize after harvesting west-season rice; ឥទ្ធិពលនៃការបំបែកស្រទាប់បាតនង្គ័លទៅលើការដុះលូតលាស់ដំណាំពោតក្រោយប្រមូលផលស្រូវវស្សា |
| 260 ## - PUBLICATION, DISTRIBUTION, ETC. (IMPRINT) | |
| Place of publication, distribution, etc. | RUA |
| Name of publisher, distributor, etc. | Phnom Penh |
| Date of publication, distribution, etc. | 2015 |
| 300 ## - PHYSICAL DESCRIPTION | |
| Extent | xi; 52p. |
| Other physical details | ill. |
| Dimensions | 29cm. |
| 942 ## - ADDED ENTRY ELEMENTS (KOHA) | |
| Source of classification or shelving scheme | |
| Koha item type | AGE |
| Price effective from | Date last seen | Permanent Location | Not for loan | Date acquired | Date last checked out | Source of classification or shelving scheme | Total Checkouts | Koha item type | Barcode | Lost status | Damaged status | Withdrawn status | Current Location | Full call number |
|---|---|---|---|---|---|---|---|---|---|---|---|---|---|---|
| 2016-08-31 | 2016-08-31 | Library Block B | 2016-08-31 | AGE | RUA062587 | Library Block B | AGE PIV 2015 B515 Or.1 | |||||||
| 2016-08-31 | 2016-08-31 | Library Block B | 2016-08-31 | AGE | RUA062547 | Library Block B | AGE PIV 2015 B515 Or.2 | |||||||
| 2016-08-31 | 2016-10-21 | Library Block B | 2016-08-31 | 2016-10-07 | 1 | AGE | RUA062487 | Library Block B | AGE PIV 2015 B515 Or.3 | |||||
| 2016-08-31 | 2017-08-22 | Library Block B | 2016-08-31 | 2017-07-31 | 1 | AGE | RUA062475 | Library Block B | AGE PIV 2015 B515 Or.4 | |||||
| 2016-08-31 | 2017-10-04 | Library Block B | 2016-08-31 | 2017-08-09 | 1 | AGE | RUA062358 | Library Block B | AGE PIV 2015 B515 Or.5 | |||||
| 2016-08-31 | 2016-08-31 | Library Block B | 2016-08-31 | AGE | RUA061680 | Library Block B | AGE PIV 2015 B515 Or.6 | |||||||
| 2016-08-31 | 2016-09-28 | Library Block B | 2016-08-31 | 2016-09-26 | 1 | AGE | RUA062282 | Library Block B | AGE PIV 2015 B515 Or.7 | |||||
| 2016-08-31 | 2017-11-25 | Library Block B | 2016-08-31 | 2017-10-11 | 1 | AGE | RUA061832 | Library Block B | AGE PIV 2015 B515 Or.8 |